Normal view
MARC view
- MOTOR VEHICLES-DESIGN AND CONSTRUCTION MOTOR VEHICLES-DYNAMICS AUTOMOTIVE VEHICLES
Entry Topical Term
001 - CONTROL NUMBER
- control field: 58252
003 - CONTROL NUMBER IDENTIFIER
- control field: NUST
005 - DATE AND TIME OF LATEST TRANSACTION
- control field: 20210628202107.0
008 - FIXED-LENGTH DATA ELEMENTS
- fixed length control field: 210628|| aca||aabn | a|a d
040 ## - CATALOGING SOURCE
- Original cataloging agency: NUST
- Transcribing agency: NUST
150 ## - HEADING--TOPICAL TERM
- Topical term or geographic name entry element: MOTOR VEHICLES-DESIGN AND CONSTRUCTION MOTOR VEHICLES-DYNAMICS AUTOMOTIVE VEHICLES
670 ## - SOURCE DATA FOUND
- Source citation: Work cat.: (NUST): Wong, J.Y 44372, Theory of ground vehicles, 2001
